Kpop: trouve la musique grâce aux paroles : groupe féminin - Statistiques

Statistiques générales
  • Ce quiz a été pris 1 313 fois
  • Le résultat moyen est 9 sur 15
Statistiques - réponses
Paroles réponse % Correct
You got me feeling like a psycho, psycho Red Velvet - Psycho
93%
Didn't wanna be a princess, I'm priceless A prince not even on my list Love is a drug that I quit No doctor could help when I'm lovesick Blackpink - Lovesick Girls
91%
Why you think that 'bout nude? 'Cause your view's so rude Think outside the box Then you'll like it (G)I-dle- Nxde
91%
Oh my, oh my God Han kan deo chaeugo isseo Jal bwa one, two, three, four, five, six, seven You make me feel like eleven IVE- Eleven
82%
Tell me what you want, tell me what you need TWICE - Talk that Talk
71%
Jikyeobwa (My skill) Nollalgeol (Say wow) We coming Sorichyeo (Get loud) Deureobwa (My sound) Bulleobwa (Upgrade) We coming Aespa - Girls
66%
Boy, gonna diss me? Boy, I'm so pissed Boy, gonna miss me, boy, you are dismissed 'Cause I don't fall for boys like you (I don't fall for) I don't fall for boys like you (I don't fall for) Itzy - Boys Like You
64%
Bring the boys out Bring the boys out We Bring the boys out We Bring the boys out Bring the boys out Girl's Generation - The Boys
62%
Watch out, baila baila baila Watch it, how nice, how nice Watch out, baila baila baila Watch it, how nice, how nice NMIXX - O.O
60%
ppippippi nollani dwae My fashion byeollo shingyeong an sseo geujeo Action jakku Click me click me hollin deushi Zoom Close up close up close up Mamamoo- Hip
50%
I know, I know, I don't, I don't (Care) Snapping, ooh, snapping, snapping I know, I know, I don't, I don't (Mind) Snapping, ooh, snapping, snapping Chung ha - Snapping
49%
I'm feeling nice I'm feeling good So flip that, flip that now LOONA - Flip That
43%
All the way All the way All the way
Uriga mandeun Riot
All the way All the way All the way
Can't ever stay Quiet
Girls All over the world
Ttwieobwa Tonight
Just get on board
EVERGLOW- Pirate
39%
Because I love you Forever love Sumgyeolkkaji da Forever love DREAMCATCHER - BEcause
26%
Bring it to me nan deo bulbutgo Oh bumpy eeh oh bumpy get low Jom deo gipge kkeulheoolla No copy eeh no copy at all Weeekly - Ven Para
7%
Aucun quiz correspondant
Distribution des résultats
% des personnes avec chaque résultat
Percentile par nombre de réponses
Votre historique - résultats
Vous n’avez pas pris ce quiz